00770 2200301 4500001002100000005001500021035002000036007000300056008004100059040001700100100002200117245006800139250001200207300003600219020001800255041000800273082001000281084001600291090002000307260003100327650001000358850001000368990001800378990001800396990001800414990001800432990001800450INLIS00000000000175120260603105306 a0010-0120000194ta260603 0  aSBPUPADbind0 aSamsul Munir Amin1 aKisah-kisah Hikmah Mukjizat Rasulullah SAW /cSamsul Munir Amin a.-cet.1 axiv, 302 hlm. :bilus. ;c19 cm a979-9392-49-7 bind a297.6 a297.6 SAM k a297.6 SAM k 3-2 a.--Jakarta :bAmzah,c2006 4aAgama aPUPAD a14220/Br/2014 a14221/Br/2014 a14221/Br/2014 a14220/Br/2014 a14222-BR/2014